000 00600nam a2200193Ia 4500
003 IN-BaIIA
008 211028s9999 xx 000 0 eng d
040 _cIIA Library
080 _a083.8:52
_bMAR
100 _aMarsden, B. G.
_910470
245 0 _aCatalogue of cometary orbits
_cB. G. Marsden
250 _a2nd ed.
260 _aCambridge
_bSmithsonian Astrophysical Observatory
_c1975
300 _a83p.
650 _aAstronomy and astrophysics thesaurus
650 _aCatalogue - comets
_910471
650 _aComets catalogue
_910472
942 _cBK
999 _c6040
_d6040